Zákon o správe daní a poplatkov 1994
Saved in:
| Format: | Book |
|---|---|
| Language: | Slovak |
| Published: |
Bratislava :
Miroslav Mračko - Epos,
1993
|
| Tags: |
No Tags, Be the first to tag this record!
|
MARC
| LEADER | 00000nam a22000003a 4500 | ||
|---|---|---|---|
| 001 | stu31575 | ||
| 005 | 20150408162355.1 | ||
| 008 | 940216s1993----xo------------------slo-d | ||
| 020 | |a 80-85703-57-2 | ||
| 040 | |a STU |b slo | ||
| 041 | 0 | |a slo | |
| 044 | |a xo | ||
| 080 | |a 336.2.02 | ||
| 245 | |a Zákon o správe daní a poplatkov 1994 | ||
| 260 | |a Bratislava : |b Miroslav Mračko - Epos, |c 1993 | ||
| 300 | |a 92 s | ||
| 996 | |b J90393 |c J*90393 |l JJSK |s A |a 24 |w stu31575_0001 | ||